UM Logo

The complete idiot's guide to Windows XP / (Record no. 3141)

MARC details
000 -LEADER
fixed length control field 00574nam a22001937a 4500
003 - CONTROL NUMBER IDENTIFIER
control field OSt
005 - DATE AND TIME OF LATEST TRANSACTION
control field 20160625103557.0
008 - FIXED-LENGTH DATA ELEMENTS--GENERAL INFORMATION
fixed length control field 160625b xxu||||| |||| 00| 0 eng d
020 ## - INTERNATIONAL STANDARD BOOK NUMBER
International Standard Book Number 0-02-864232-5
040 ## - CATALOGING SOURCE
Transcribing agency LIC
082 ## - DEWEY DECIMAL CLASSIFICATION NUMBER
Edition number 2002
Classification number DC 005.4
Item number M16c
100 ## - MAIN ENTRY--PERSONAL NAME
9 (RLIN) 10486
Personal name McFedries, Paul.
245 ## - TITLE STATEMENT
Title The complete idiot's guide to Windows XP /
Statement of responsibility, etc. Paul McFedries
260 ## - PUBLICATION, DISTRIBUTION, ETC. (IMPRINT)
Place of publication, distribution, etc. Indianapolis, IN :
Name of publisher, distributor, etc. Alpha,
Date of publication, distribution, etc. c2002.
300 ## - PHYSICAL DESCRIPTION
Extent xxiv, 454 pages :
Other physical details illustrations;
Dimensions 24 cm.
365 ## - TRADE PRICE
Price amount 3,840.00
Currency code Php
650 #0 - SUBJECT ADDED ENTRY--TOPICAL TERM
9 (RLIN) 10487
Topical term or geographic name as entry element Operating systems (Computers)
942 ## - ADDED ENTRY ELEMENTS (KOHA)
Source of classification or shelving scheme Dewey Decimal Classification
Koha item type Circulation
Holdings
Withdrawn status Lost status Source of classification or shelving scheme Damaged status Not for loan Collection code Home library Current library Date acquired Source of acquisition Total Checkouts Full call number Barcode Date last seen Copy number Cost, replacement price Price effective from Koha item type
    Dewey Decimal Classification     Circulation UM Digos College - LIC UM Digos College - LIC 08/26/2004 Purchased   DC 005.4 M16c 2002 17537 05/15/2025 1 3840.00 06/25/2016 Circulation